000 00487nam a2200181Ia 4500
001 9212
005 20260306160707.0
008 260306t2011||||xx |||||||||||||| ||spa||
041 _aESP
082 _a375.006
_bG72
100 _aGonzález Soto, Ángel Pío
_eAUT
245 0 _aEvaluación para la mejora de los centros docentes:
_bconstrucción del conocimiento
260 _c2011
300 _a470 páginas :
_c24 cm.
650 _aGEN
654 _aCED
942 _cLIB
_dJUS
_fJUS
_2ddc
_n
999 _c9212
_d9212